Culture Générale - Série 1580 - Statistiques

Statistiques générales
  • Ce quiz a été pris 166 fois
  • Le résultat moyen est 6 sur 10
Statistiques - réponses
Question Réponse % Correct
Selon la chanson "Prom'nons-nous dans les bois", quel animal nous mangerait "s'il y était" ? loup
99%
Quelle lettre est le symbole chimique du phosphore ? P
98%
Dans la religion catholique, comment surnomme-t-on, traditionnellement, Melchior, Gaspard et Balthazar ? Les Rois mages
96%
Comme l'indique l'étymologie du mot, de quoi est protégé un matériau : "ignifugé" ? feu
90%
De quel État d'Amérique centrale, le quetzal est-il l'unité monétaire principale ? Guatemala
68%
Quelle ville située sur la mer Caspienne est la capitale de l'Azerbaïdjan ? Bakou
65%
Quel acteur incarne James Bond dans le film "Octopussy", sorti en 1983 ? Roger Moore
56%
A partir de 1541, dans quelle ville Jean Calvin s'est-il employé à organiser le protestantisme ? Genève
40%
En décoration, quel terme spécifique désigne le style intermédiaire entre le style Louis XIV et le style Louis XV ? Régence
27%
Le ravenala, arbre de Madagascar dont les feuilles poussent en éventail et retiennent l'eau de pluie, est également appelé arbre du... voyageur
13%
Aucun quiz correspondant
Distribution des résultats
% des personnes avec chaque résultat
Percentile par nombre de réponses
Votre historique - résultats
Vous n’avez pas pris ce quiz